000 00986nam a2200229Ia 4500
003 Ost
005 20260507075515.0
008 260507s9999||||xx |||||||||||||| ||und||
020 _a9789957701307
040 _cfsecg
041 _aara
082 _a330
100 _aالظاهر، نعيم إبراهيم
_eمؤلف
245 0 _aمبادئ الإدارة الإقتصادية /
_c نعيم إبراهيم الظاهر
246 _aPrincipale of Managerial Economics
260 _aعمان:
_bعالم الكتب الحديث,
_c2009
300 _a279 صفحة؛
_c25 سم
504 _aببليوغرافيا:ص ص.268-279
520 _aفي المفاهيم والمصطلحات الإقتصادية،تطور مدارس الفكر الاقتصادي،الادارة الاقتصادية،التحديات التي تواجه الادارة الاقتصادية،الادارة الاقتصادية في الإسلام
653 _aالإقتصاد
942 _cكتاب
999 _c44751
_d44751